Effect of mulching on bunching onion at crop station of royal university of agriculture ឥទ្ធិពលនៃគំរបទៅលើដំណាំខឺ្ឬមស្លឺកនៅស្ថានីយ៏ដំណាំនៃសាកលវិទ្យាល័យភូមិន្ឬកសិកម្ម (Record no. 1103)

000 -LEADER
fixed length control field 00683nam a22001577a 4500
003 - CONTROL NUMBER IDENTIFIER
control field OSt
005 - DATE AND TIME OF LATEST TRANSACTION
control field 20150923094900.0
008 - FIXED-LENGTH DATA ELEMENTS--GENERAL INFORMATION
fixed length control field 150923b xxu||||| |||| 00| 0 eng d
040 ## - CATALOGING SOURCE
Transcribing agency RUA
082 ## - DEWEY DECIMAL CLASSIFICATION NUMBER
Classification number AGR BRA 2007 B048 Or.1
100 ## - MAIN ENTRY--PERSONAL NAME
9 (RLIN) 1151
Personal name BRAK, LIMHEANG.
245 ## - TITLE STATEMENT
Title Effect of mulching on bunching onion at crop station of royal university of agriculture ឥទ្ធិពលនៃគំរបទៅលើដំណាំខឺ្ឬមស្លឺកនៅស្ថានីយ៏ដំណាំនៃសាកលវិទ្យាល័យភូមិន្ឬកសិកម្ម
260 ## - PUBLICATION, DISTRIBUTION, ETC. (IMPRINT)
Place of publication, distribution, etc. Phnom Penh
Name of publisher, distributor, etc. RUA
Date of publication, distribution, etc. 2007
300 ## - PHYSICAL DESCRIPTION
Extent xvi, 49p.
Other physical details ill.
Dimensions 29cm.
942 ## - ADDED ENTRY ELEMENTS (KOHA)
Source of classification or shelving scheme
Koha item type AGR
Holdings
Price effective from Date last seen Permanent Location Not for loan Date acquired Source of classification or shelving scheme Koha item type Barcode Lost status Damaged status Shelving location Withdrawn status Current Location Full call number
2015-09-232015-09-23Library Block B 2015-09-23 AGRRUA002450  B048 Library Block BAGR BRA 2007 B048 Or.1
2015-09-232015-09-23Library Block B 2015-09-23 AGRRUA002162  B048 Library Block BAGR BRA 2007 B048 Or.2
2015-09-232015-09-23Library Block B 2015-09-23 AGRRUA002306  B048 Library Block BAGR BRA 2007 B048 Or.3
2015-09-232015-09-23Library Block B 2015-09-23 AGRRUA002014  B048 Library Block BAGR BRA 2007 B048 Or.4
មជ្ឈមណ្ឌលឯការនៃសាកលវិទ្យាល័យភូមិន្ទកសិកម្មចំការដូង

Powered by Koha